| 000 | 00535nam a2200181Ia 4500 | ||
|---|---|---|---|
| 008 | 210719s2020 xx 000 0 und d | ||
| 020 | _a978-81-945335-0-4 | ||
| 041 | _akan | ||
| 082 | _a305.895487K RAMT | ||
| 100 | _aRAMACHANDRA (Minakshi) | ||
| 245 | _aTulunadina shaliya athava devanga samudaya | ||
| 260 |
_aMangaluru _bAkrati Ashaya Pablications _c2020 |
||
| 300 |
_a365 _bPB |
||
| 365 |
_b200 _cRs |
||
| 650 | _aSocial Groups | ||
| 650 | _aSociology | ||
| 906 | _aathava ; devanga ; nekara ; samudaya ; shaliya ; Tulunadina | ||
| 999 |
_c211734 _d211734 |
||